Conceptos de arte moderno /

Guardado en:
Autor Principal: Stangos, Nikos
Formato: Libro
Publicado: Madrid : Alianza, 1989
Series:Alianza Forma1
Etiquetas: Agregar Etiqueta
Sin Etiquetas, Sea el primero en etiquetar este registro!
LEADER 00421nam a22001575a 4500
001 CEM.cems006064
005 20060214000000.0
008 130507s1989##################000#0#####d
003 CEMS
082 0 4 |a 709.03 
100 1 |a Stangos, Nikos 
245 1 0 |a Conceptos de arte moderno / 
260 |a Madrid :  |b Alianza,  |c 1989 
300 |a 336 p. 
490 0 |a Alianza Forma1 
859 |a CEMS  |b BIB. CEMS - 11 de abril  |h 709.03  |i St24  |p 16527.92  |t Ej.1